000 00522nam a2200205 a 4500
020 _a0870023268
040 _cDLC
082 _a643 BEN 1981 A106 Or.
100 1 _aSherwood, Ruth F
245 1 0 _aHomes, today and tomorrow /
250 _a2nd ed
260 _aPeoria, Ill. :
_bBennett Pub. Co.,
_cc1981
300 _a464 p. :
_bill. (some col.) ;
_c24 cm
500 _aIncludes index
650 0 _aDesign
650 0 _aInterior decoration
650 0 _aHouse buying
700 1 0 _aSherwood, George H
942 _cEK
999 _c16516
_d16516